000 00563nam a2200157Ia 4500
008 150609s9999 xx 000 0 und d
050 _aT 58.6
_b.H557 2015
100 _aHernandez, Divide Grace A.
245 _aOnline grading system for seed academy /
_cDivine Grace A. Hernandez.
260 _aLas PiƱas, Philippines :
_bSISC,
_c2015.
300 _a177 pages :
_billustrations ;
_c28 cm.
500 _aIncludes bibliographical references and appendices.
650 _aComputer System
650 _aManagement Information System
650 _xEducational Aspect
999 _c285061
_d285061